Környezetismereti feladatlapok az alapiskola 2. osztálya számára
| Main Authors: | , , |
|---|---|
| Other Authors: | , |
| Format: | Book |
| Language: | Hungarian Slovak Czech |
| PhysicalDescription: | 20 s. ilustr. 30 cm |
| Published: |
Bratislava
Slovenské pedagogické nakladateľstvo
1977
|
| Edition: | 1. vyd. |
| Subjects: |
MARC
| LEADER | 00000cam a2200000 a 4500 | ||
|---|---|---|---|
| 001 | vtls001105441 | ||
| 003 | SK-MaSNL | ||
| 005 | 20260302051445.0 | ||
| 008 | 240314s1977 xo a b 00000 hun | ||
| 015 | |a SNBA1977 | ||
| 035 | |a SNK000048283 | ||
| 040 | |a SNK |b slo |c SNK |e AACR2 | ||
| 041 | 1 | |a hun |h slo |h cze | |
| 044 | |a xo |c SK | ||
| 080 | |a 372.4(076.5)=945.11 |2 1981 | ||
| 080 | |a 371.6:372.4(076.5)=945.11 |2 1981 | ||
| 100 | 1 | |a Tupý, Karel, |d narodený 1920 |4 aut |9 5570 | |
| 245 | 1 | 0 | |a Környezetismereti feladatlapok az alapiskola 2. osztálya számára |c Karel Tupý, Věra Vlčková, Jarmila Nečesaná ; [zo slov. prekl. čes. orig. prel. Eva Simová ; ilustr. František Jaksics] |
| 246 | 1 | 1 | |a Prvouka v 2. ročníku ZŠ s vyučovacím jazykom maďarským. Pracovné listy pre žiakov |
| 250 | |a 1. vyd. | ||
| 260 | |a Bratislava |b Slovenské pedagogické nakladateľstvo |c 1977 | ||
| 300 | |a 20 s. |b ilustr. |c 30 cm | ||
| 366 | |e 24890 výt. | ||
| 500 | |a Voľ. listy v prebale | ||
| 546 | |a Súbež. názov v slovenčine | ||
| 650 | 0 | 7 | |a prvouka |2 SNKPH |9 3651 |
| 655 | 7 | |a učebnice základných škôl |2 SNKPH |9 70187 | |
| 655 | 7 | |a pracovné listy |2 SNKPH |9 70565 | |
| 700 | 1 | |a Vlčková, Věra |4 aut |9 279459 | |
| 700 | 1 | |a Nečesaná, Jarmila |4 aut |9 241608 | |
| 700 | 1 | |a Simová, Eva, |d 1942- |4 trl |9 111589 | |
| 700 | 1 | |a Jaksics, František, |d 1937- |4 ill |9 108646 | |
| 958 | |a OND | ||
| 958 | |a HU | ||
| 958 | |a OP | ||
| 999 | |c 1101282 |d 1103212 | ||
| 952 | |a SNK |b SNK |y PREZ |7 0 |p 17A0942856 |o snkSB 24940 |i snkKSP 2554/77 |0 0 |1 0 |4 0 |d 2014-06-23 |f 1 |l 0 |r 2026-02-24 17:30:18 |w 2026-02-24 | ||
| 952 | |a SNK |b SNK |y VYP |7 0 |o snkSB 24940 D1 |i snkKSP 2555/77 |0 0 |1 0 |4 0 |d 2014-06-23 |l 0 |r 2026-02-24 17:30:18 |w 2026-02-24 | ||


